[Event "Tourn. n9737"]
[Site "www.chess-mail.com"]
[Date "2018.05.10"]
[Round "1"]
[White "Azulmarino"]
[Black "Cal"]
[WhiteElo "1580"]
[BlackElo "1520"]
[Result "1-0"]
[Round "1"]
1.e4 c5
2.c4 Nb8c6
3.a3 e5
4.Qd1f3 Ng8f6
5.Nb1c3 h6
6.h3 Nc6d4
7.Qf3d3 d6
8.Ng1f3 a6
9.Nf3xd4 Bc8d7
10.Nd4f3 Bf8e7
11.g3 O-O
12.Qd3e3 b5
13.Bf1g2 bxc4
14.Nc3d5 Bd7c6
15.O-O Bc6xd5
16.exd5 Qd8b6
17.Nf3h4 Nf6xd5
18.Qe3e4 Nd5f6
19.Nh4f5 Ra8a7
20.d3 cxd3
21.Qe4xd3 d5
22.Nf5xe7 Kh8
23.Qd3c2 d4
24.Ne7f5 e4
25.Qc2e2 Ra7c7
26.g4 Rf8e8
27.Bc1xh6 gxh6
28.Nf5xh6 c4
29.g5 Nf6h7
30.Bg2xe4 Nh7xg5
31.Qe2h5 Re8xe4
32.Nh6xf7 Kg7
33.Nf7xg5 Kg8
34.Kh1 Rc7h7
35.Ng5xh7 Re4e7
36.Rf1g1 Re7g7
37.Rg1xg7 Kxg7
38.Ra1g1 Kh8
39.Nh7f6 { resign }
1-0

[Event "Tourn. n9805"]
[Site "www.echecsemail.com"]
[Date "2018.05.10"]
[Round "1"]
[White "Reignblowcan"]
[Black "Apdash"]
[WhiteElo "2069"]
[BlackElo "2120"]
[Result "1-0"]
[Round "1"]
1.d4 d5
2.c4 e6
3.Ng1f3 Bf8b4
4.Bc1d2 Bb4xd2
5.Nb1xd2 Ng8f6
6.e3 O-O
7.Ra1c1 Nb8c6
8.Bf1e2  { time }
1-0

[Event "Match"]
[Site "www.echecsemail.com"]
[Date "2018.05.10"]
[Round "1"]
[White "Lug47"]
[Black "Bjonil60"]
[WhiteElo "1499"]
[BlackElo "1540"]
[Result "1-0"]
[Round "1"]
1.d4 d5
2.Nb1c3 e6
3.Ng1f3 h6
4.e4 Qd8e7
5.exd5 exd5
6.Bc1e3 Ng8f6
7.Qd1e2 c6
8.Ra1d1 g6
9.Nf3e5 Nf6d7
10.Ne5f3 Bf8g7
11.Rd1d3 f6
12.Nf3h4 g5
13.Nh4f5 Qe7f7
14.Be3d2 Kd8
15.Nf5d6 Qf7g6
16.Qe2e3 Rh8e8
17.Nd6xe8 Qg6xe8
18.Bf1e2 Qe8g6
19.O-O Nb8a6
20.Nc3a4 b5
21.Na4c3 b4
22.Qe3e6 Nd7f8
23.Qe6d6 Bc8d7
24.Be2g4 h5
25.Bg4f3 Kc8
26.Rf1e1 Na6c7
27.Nc3a4 Nc7e8
28.Re1xe8 Bd7xe8
29.Na4c5 Nf8d7
30.Qd6xc6 Kb8
31.Qc6b7 
1-0

[Event "Tourn. n9801"]
[Site "www.echecsemail.com"]
[Date "2018.05.10"]
[Round "1"]
[White "Julian"]
[Black "Osopanda"]
[WhiteElo "1870"]
[BlackElo "1860"]
[Result "0-1"]
[Round "1"]
1.e4 c5
2.Ng1f3 Nb8c6
3.c3 e5
4.d4 cxd4
5.cxd4 exd4
6.Nf3xd4 d5
7.exd5 Nc6xd4
8.Qd1xd4 Ng8f6
9.Bf1b5 Bc8d7
10.Bb5xd7 Qd8xd7
11.O-O Bf8e7
12.Nb1c3 O-O
13.Bc1g5 Rf8d8
 { time }
0-1

[Event "Tourn. n9805"]
[Site "www.echecsemail.com"]
[Date "2018.05.10"]
[Round "1"]
[White "Piekki"]
[Black "Bojan"]
[WhiteElo "2170"]
[BlackElo "2030"]
[Result "1-0"]
[Round "1"]
1.e4 g6
2.d4 Bf8g7
3.Nb1c3 c6
4.Bf1c4 e6
5.e5 d5
6.exd6 Qd8xd6
7.Ng1f3 Ng8f6
8.O-O Nb8d7
9.Qd1e2 Nd7b6
10.Bc4b3 Nb6d5
11.Nc3xd5 cxd5
12.Bc1g5 Nf6g4
13.h3 Ng4f6
14.Rf1d1 h6
15.Bg5h4 Bc8d7
16.c4 dxc4
17.Bb3xc4 Bd7c6
18.Bh4g3 Qd6e7
19.Ra1c1 O-O
20.d5 Bc6d7
21.dxe6 fxe6
22.Bg3d6 Qe7f7
23.Nf3e5 Qf7e8
24.Bd6xf8 Kxf8
25.Ne5xd7 Kf7
26.Nd7xf6 Bg7xf6
27.Bc4b5 Qe8f8
28.Rc1c7 Kg8
29.Qe2xe6 Kh8
30.Rd1d7 Qf8g8
31.Qe6xf6 { resign }
1-0

[Event "Tourn. n9808"]
[Site "www.echecsemail.com"]
[Date "2018.05.10"]
[Round "1"]
[White "Reda"]
[Black "Cristiano"]
[WhiteElo "1790"]
[BlackElo "1820"]
[Result "0-1"]
[Round "1"]
1.d4 Ng8f6
2.Bc1f4 d6
3.Nb1c3 g6
4.Ng1f3 Bf8g7
5.e4 Nb8d7
6.Bf1c4 O-O
7.O-O Nf6h5
8.Bf4e3 e5
9.d5 a6
10.a3 b6
11.Nf3d2 Nd7c5
12.f3 Nh5f4
13.b4 Nc5b7
14.Be3xf4 exf4
15.Nc3e2 Bg7xa1
16.Qd1xa1 b5
17.Bc4b3 Qd8g5
18.g3 fxg3
19.Ne2xg3 Qg5xd2
20.Rf1f2 Qd2g5
21.Rf2g2 Bc8h3
22.Rg2f2 h5
23.f4 Qg5e7
24.f5 h4
25.Ng3e2 Qe7xe4
26.fxg6 Qe4g4
27.Kh1 Qg4e4
28.Kg1 fxg6
29.Rf2xf8 Ra8xf8
30.Qa1e1 Qe4e3
31.Kh1 Qe3f3
{ resign }
0-1

[Event "Match"]
[Site "www.echecsemail.com"]
[Date "2018.05.10"]
[Round "1"]
[White "Apdash"]
[Black "Tonino1"]
[WhiteElo "2090"]
[BlackElo "1950"]
[Result "0-1"]
[Round "1"]
1.d4 Ng8f6
2.c4 g6
3.Nb1c3 Bf8g7
4.e4 d6
5.Ng1f3 O-O
6.Bf1d3 c6
7.Qd1c2 Qd8c7
8.O-O e5
9.Bc1g5 Nb8d7
10.dxe5 dxe5
11.Ra1d1 Nd7c5
 { time }
0-1

[Event "Tourn. n9824"]
[Site "www.echecsemail.com"]
[Date "2018.05.10"]
[Round "1"]
[White "Juheset"]
[Black "Guidom"]
[WhiteElo "2059"]
[BlackElo "2090"]
[Result "1/2-1/2"]
[Round "1"]
1.e3 d5
2.d4 c6
3.Ng1f3 Bc8g4
4.c4 e6
5.cxd5 exd5
6.Bf1e2 Ng8f6
7.Nb1c3 Bf8d6
8.h3 Bg4h5
9.g4 Bh5g6
10.Be2d3 Nf6e4
11.Qd1e2 Bd6b4
12.Bd3xe4 Bg6xe4
13.O-O Bb4xc3
14.bxc3 Nb8d7
15.Nf3d2 Be4g6
16.f4 f5
17.Nd2f3 O-O
18.g5 Qd8e8
19.Nf3e5 Nd7xe5
20.dxe5 Bg6h5
21.Qe2f2 { draw }
1/2-1/2

[Event "Tourn. n9816"]
[Site "www.echecsemail.com"]
[Date "2018.05.10"]
[Round "1"]
[White "Pablincho"]
[Black "Reda"]
[WhiteElo "1809"]
[BlackElo "1790"]
[Result "1-0"]
[Round "1"]
1.e4 e5
2.Ng1f3 Nb8c6
3.Bf1b5 Qd8f6
4.d3 a6
5.Bc1g5 Qf6d6
6.Bb5xc6 Qd6xc6
7.Nf3xe5 Qc6b5
8.Ne5f3 Qb5xb2
9.Nb1d2 h6
10.Bg5e3 Bf8b4
11.Be3d4 Bb4c3
12.Ra1b1 Qb2xa2
13.Bd4xc3 d6
14.h3 f6
15.Nd2c4 Qa2a4
16.Nf3d4 Ng8e7
17.f4 Qa4d7
18.f5 d5
19.Nc4e3 dxe4
20.dxe4 O-O
21.Qd1g4 Ne7c6
22.Nd4e6 Qd7e7
23.Ne3d5 Bc8xe6
24.Nd5xe7 Nc6xe7
25.fxe6 b6
26.O-O Ra8e8
27.e5 f5
28.Qg4c4 { resign }
1-0

[Event "Tourn. n9807"]
[Site "www.echecsemail.com"]
[Date "2018.05.10"]
[Round "1"]
[White "Asoka"]
[Black "Coolant"]
[WhiteElo "2670"]
[BlackElo "2360"]
[Result "1-0"]
[Round "1"]
1.d4 Ng8f6
2.c4 c5
3.d5 e6
4.Nb1c3 exd5
5.cxd5 d6
6.Ng1f3 g6
7.e4 a6
8.a4 Bc8g4
9.Bf1e2 Bg4xf3
10.Be2xf3 Bf8g7
11.O-O Nb8d7
12.Bc1f4 Qd8b8
13.Nc3b1 O-O
14.Nb1d2 Nd7e5
15.Bf4xe5 dxe5
16.a5 b5
17.b3 Nf6e8
18.h4 Ne8d6
19.Qd1e2 Qb8c7
20.Qe2e3 Ra8c8
21.Ra1a2 f5
22.h5 f4
23.Qe3e2 gxh5
24.Bf3xh5 c4
25.bxc4 bxc4
26.Bh5g4 Rc8b8
27.Rf1c1 Rb8b4
28.Ra2c2 f3
29.Nd2xf3 Qc7xa5
30.Nf3h4 Bg7h6
31.Bg4e6 Kh8
32.Qe2h5 { resign }
1-0

[Event "Fast Game"]
[Site "www.echecsemail.com"]
[Date "2018.05.10"]
[Round "1"]
[White "Hennie4820"]
[Black "Tonino1"]
[WhiteElo "1750"]
[BlackElo "1830"]
[Result "0-1"]
[Round "1"]
1.e4 d6
2.d4 Ng8f6
3.f3 c6
4.c4 g6
5.Nb1c3 Bf8g7
6.Bc1e3 O-O
7.Qd1d2 Rf8e8
8.O-O-O Qd8c7
9.g4 a6
10.h4 Nb8d7
11.h5 Nd7f8
12.hxg6 fxg6
13.Be3h6 Bg7h8
14.Bf1d3 e5
15.d5 c5
16.Ng1h3 Bc8d7
17.Nh3g5 b5
18.Kb1 b4
19.Nc3e2 a5
20.Ne2g3 a4
21.Bh6xf8 Re8xf8
22.Qd2h2 Bd7c8
23.Rd1d2 Ra8a7
24.Qh2g1 Bh8g7
25.Rd2h2 h6
26.Ng5h3 Qc7d8
27.Nh3f2 Kf7
28.Ng3e2 Rf8h8
29.f4 a3
30.b3 g5
31.fxe5 dxe5
32.Rh2h3 Nf6d7
33.Ne2g3 Nd7f8
34.Ng3f5 Bc8xf5
35.exf5 Ra7c7
36.Nf2e4 Nf8d7
37.Qg1f2 Qd8f8
38.Qf2g3 Nd7f6
39.Qg3xe5 Rc7e7
40.Qe5d6 Nf6xe4
41.Qd6g6 Kg8
42.Rh3xh6 Rh8xh6
43.Rh1xh6 Ne4f6
44.Qg6xg5 Re7e1
45.Kc2 Qf8e7
46.Rh6h2 Qe7e5
47.Qg5d2 Qe5b2
{ resign }
0-1

[Event "Tourn. n9780"]
[Site "www.chess-mail.com"]
[Date "2018.05.11"]
[Round "1"]
[White "Malbertan"]
[Black "Bira47"]
[WhiteElo "2020"]
[BlackElo "1950"]
[Result "1-0"]
[Round "1"]
1.e4 c5
2.Ng1f3 e6
3.d4 cxd4
4.Nf3xd4 a6
5.Nb1c3 b5
6.Bf1e2 Bc8b7
7.Be2f3 h6
8.O-O Ng8e7
9.Bc1f4 Ne7g6
10.Bf4g3 Bf8e7
11.Qd1e2 Nb8c6
12.Nd4f5 exf5
13.exf5 Ng6h4
14.Bg3xh4 O-O
15.Bf3xc6 Be7xh4
16.Bc6xb7 Ra8b8
17.Bb7xa6 b4
18.Nc3d5 Bh4f6
19.Nd5xf6 Qd8xf6
20.Ba6d3 Qf6xb2
21.Qe2e4 Rf8e8
22.Qe4h4 Qb2f6
23.Qh4xf6 gxf6
24.Rf1e1 Re8e5
25.Re1xe5 fxe5
26.Ra1b1 f6
27.c3 b3
28.Rb1xb3 Rb8a8
29.Rb3b7 Ra8xa2
30.Bd3c4 Kg7
31.Bc4xa2 h5
32.Rb7xd7 Kh6
33.c4 Kg5
34.c5 Kxf5
35.c6 h4
36.c7 e4
37.c8Q Kg5
38.Rd7g7 Kf4
39.Qc8g4 Ke5
40.Qg4e6 Kd4
41.Qe6xf6 Kd3
42.Rg7d7 Ke2
43.Qf6b2 Ke1
44.Qb2d2 
1-0

[Event "Tourn. n9727"]
[Site "www.chess-mail.com"]
[Date "2018.05.11"]
[Round "1"]
[White "Osopanda"]
[Black "Ditto"]
[WhiteElo "1940"]
[BlackElo "1880"]
[Result "1/2-1/2"]
[Round "1"]
1.e4 e5
2.Ng1f3 Nb8c6
3.Bf1b5 Qd8f6
4.c3 Bf8c5
5.d4 exd4
6.cxd4 Nc6xd4
7.Nf3xd4 Bc5xd4
8.O-O Ng8e7
9.Nb1c3 Bd4xc3
10.bxc3 O-O
11.Bc1e3 Qf6xc3
12.Be3d4 Qc3b4
13.Bb5e2 Ne7g6
14.e5 d6
15.exd6 Qb4xd6
16.Be2f3 c6
17.Bd4e3 Qd6f6
18.Be3d4 Qf6g5
19.g3 Bc8e6
20.Bd4e3 Qg5f6
21.Kg2 Rf8d8
22.Qd1c2 Be6d5
23.Bf3xd5 Rd8xd5
24.Ra1d1 Rd5xd1
25.Rf1xd1 Ng6e5
26.Be3d4 Qf6f3
27.Kg1 Ne5g4
28.h3 Ng4h6
29.Rd1e1 Nh6f5
30.Re1e3 Qf3d5
31.Qc2e4 Nf5xe3
32.Qe4xe3 h6
33.Bd4c3 Ra8d8
34.g4 Qd5d1
35.Kg2 Qd1d5
36.Kg3 a5
37.Qe3b6 Qd5d3
38.Qb6e3 Qd3xe3
39.fxe3 Rd8d3
40.Bc3d4 b5
41.Kf4 Rd3a3
42.Bd4c5 Ra3xa2
{ draw }
1/2-1/2

[Event "Tourn. n9746"]
[Site "www.chess-mail.com"]
[Date "2018.05.11"]
[Round "1"]
[White "Azulmarino"]
[Black "Pachi"]
[WhiteElo "1610"]
[BlackElo "1670"]
[Result "0-1"]
[Round "1"]
1.e4 e5
2.Ng1f3 d6
3.Bf1c4 h6
4.d3 a6
5.Nb1c3 Bc8g4
6.h3 Bg4xf3
7.Qd1xf3 f6
8.Qf3h5 Kd7
9.Nc3d5 b5
10.Qh5f7 Bf8e7
11.Qf7xg7 bxc4
12.dxc4 c6
13.Nd5c3 f5
14.Qg7xh8 fxe4
15.Bc1e3 Qd8f8
16.Nc3a4 Kc7
17.Be3b6 Kb7
18.Qh8h7 d5
19.c5 Nb8d7
20.Qh7g6 Be7xc5
21.Bb6a5 Qf8xf2
22.Kd1 Qf2d4
23.Ba5d2 e3
24.Na4c3 Qd4xd2
{ resign }
0-1

[Event "Tourn. n9790"]
[Site "www.chess-mail.com"]
[Date "2018.05.11"]
[Round "1"]
[White "Aniruddhadg"]
[Black "Fegatux"]
[WhiteElo "2510"]
[BlackElo "2350"]
[Result "0-1"]
[Round "1"]
1.e4 d6
2.d4 Ng8f6
3.Nb1c3 c6
4.f4 Qd8a5
5.Bf1d3 e5
6.Ng1f3 exd4
7.Nf3xd4 g6
8.O-O Bf8g7
9.Nd4f3 O-O
10.Qd1e1 Nb8d7
11.Qe1h4 b5
12.f5 b4
13.Nc3e2 Bc8a6
14.Ne2g3 Ba6xd3
15.cxd3 b3
16.Bc1f4 Qa5b4
17.a3 Qb4b6
18.d4 c5
19.e5 dxe5
20.dxe5 Nf6d5
21.Ra1d1 Qb6c6
22.Bf4h6 c4
23.Bh6xg7 Kxg7
24.Rd1xd5 Qc6xd5
25.f6 Kh8
26.Nf3g5 h5
27.Ng3f5 Nd7xe5
{ resign }
0-1

[Event "Tourn. n9770"]
[Site "www.chess-mail.com"]
[Date "2018.05.11"]
[Round "1"]
[White "Aperturaf"]
[Black "Aniruddhadg"]
[WhiteElo "2730"]
[BlackElo "2490"]
[Result "1-0"]
[Round "1"]
1.e4 c5
2.Ng1f3 d6
3.d4 cxd4
4.Qd1xd4 a6
5.Bc1e3 Ng8f6
6.Nb1c3 Nb8d7
7.a4 e6
8.Bf1e2 Bf8e7
9.a5 O-O
10.O-O Nf6g4
11.Be3d2 Ra8b8
12.h3 Ng4e5
13.Nf3xe5 Nd7xe5
14.Nc3a4 Be7f6
15.Qd4e3 Ne5c6
16.Qe3a3 Bf6e7
17.Na4b6 d5
18.Qa3g3 Be7d6
19.Qg3d3 d4
20.Ra1b1 Bc8d7
21.b4 Bd7e8
22.f4 Qd8e7
23.Qd3b3 f6
24.Be2d3 Kh8
25.b5 axb5
26.Qb3xb5 { resign }
1-0

[Event "Match"]
[Site "www.echecsemail.com"]
[Date "2018.05.11"]
[Round "1"]
[White "Cal"]
[Black "Lug47"]
[WhiteElo "1640"]
[BlackElo "1499"]
[Result "1-0"]
[Round "1"]
1.d4 d5
2.h3 Nb8c6
3.e3 Ng8f6
4.a3 Bc8d7
5.Nb1c3 a6
6.b4 b5
7.Bc1b2 e5
8.dxe5 Nf6g8
9.Bf1d3 Bd7e6
10.Ng1f3 Nc6xe5
11.Nf3xe5 Ng8f6
12.O-O Bf8d6
13.f4 O-O
14.Ne5f3 Qd8d7
15.Nf3d4 Rf8e8
16.Nc3e2 Re8e7
17.Ne2g3 Be6g4
18.hxg4 Ra8e8
19.Nd4e2 Qd7xg4
20.Ng3f5 Re7xe3
21.Nf5xd6 Re3g3
22.Ne2xg3 Qg4e6
23.Nd6b7 Qe6b6
24.Nb7c5 Re8e3
25.Ng3f5 h6
26.Bb2d4 Nf6g4
27.Nf5xe3 Ng4xe3
28.Bd4xe3 d4
29.Be3xd4 Qb6d6
30.c3 Qd6e7
31.Nc5e4 Qe7h4
32.Qd1f3 Qh4e7
33.Ra1e1 c5
34.Bd4xc5 Qe7d7
35.Qf3g3 g6
36.Ne4f6 Kg7
37.Nf6xd7 h5
38.Bc5f8 Kh7
39.Qg3g5 { resign }
1-0

[Event "Match"]
[Site "www.echecsemail.com"]
[Date "2018.05.11"]
[Round "1"]
[White "Irene"]
[Black "Raulazo"]
[WhiteElo "1990"]
[BlackElo "1920"]
[Result "1-0"]
[Round "1"]
1.d4 e6
2.e4 Ng8f6
3.e5 Nf6d5
4.Ng1f3 Nb8c6
5.c3 a6
6.Bf1d3 b5
7.Bc1g5 Bf8e7
8.Qd1d2 h6
9.Bg5h4 g5
10.Bh4g3 Bc8b7
11.b3 b4
12.c4 Nd5c3
13.Nb1xc3 bxc3
14.Qd2c2 Be7b4
15.c5 Qd8e7
{ time. }
1-0

[Event "Tourn. n9818"]
[Site "www.echecsemail.com"]
[Date "2018.05.11"]
[Round "1"]
[White "Biggles"]
[Black "Bojan"]
[WhiteElo "2140"]
[BlackElo "2050"]
[Result "1-0"]
[Round "1"]
1.e4 e5
2.Ng1f3 Nb8c6
3.Bf1c4 h6
4.d4 exd4
5.O-O Nc6a5
6.Bc4xf7 Kxf7
7.Nf3e5 Ke6
8.Qd1xd4 Ng8f6
9.Bc1f4 Bf8d6
10.Nb1c3 c5
11.Qd4d2 Bd6xe5
12.Bf4xe5 Kxe5
13.f4 Ke6
14.Ra1d1 Kf7
15.e5 Na5c4
16.Qd2e2 Nc4xb2
17.Rd1d6 Nf6e8
18.Qe2h5 Kg8
19.Rd6g6 Ne8c7
20.Nc3e4 Nc7e8
21.Ne4f6 Ne8xf6
22.exf6 Rh8h7
23.Qh5d5 Kf8
24.Qd5d6 Kf7
25.fxg7 Rh7xg7
26.f5 c4
27.Rg6xg7 Kxg7
28.Qd6g6 Kf8
29.Qg6xh6 Kg8
30.Qh6g6 Kh8
31.f6 Qd8b6
32.Kh1 d5
33.Qg6g7 
1-0

[Event "Tourn. n9824"]
[Site "www.echecsemail.com"]
[Date "2018.05.11"]
[Round "1"]
[White "Tonino1"]
[Black "Guidom"]
[WhiteElo "2060"]
[BlackElo "2090"]
[Result "1-0"]
[Round "1"]
1.d4 d5
2.f4 Bc8f5
3.e3 Ng8f6
4.Ng1f3 e6
5.Bf1d3 Bf5g4
6.O-O Bf8e7
7.Nb1d2 Nb8d7
8.h3 Bg4xf3
9.Qd1xf3 O-O
10.g4 c5
11.c3 c4
12.Bd3c2 b5
13.g5 Nf6e8
14.h4 b4
15.e4 Nd7b6
16.e5 a5
17.f5 exf5
18.Qf3xf5 g6
19.Qf5g4 Ne8g7
20.Nd2f3 Ra8a7
21.Qg4h3 Qd8d7
22.Qh3g2 Ng7h5
23.Nf3h2 Qd7e6
24.Nh2g4 Kg7
25.Ng4f6 Be7xf6
26.gxf6 Kh8
27.Bc2d1 Rf8g8
28.Bc1h6 Nb6a4
29.Bd1xh5 Na4xb2
30.Bh5f3 bxc3
31.Bf3xd5 Qe6b6
32.Bh6g7 Rg8xg7
33.fxg7 Kxg7
34.Qg2f3 Ra7e7
35.Qf3f6 Qb6xf6
36.exf6 Kf8
37.fxe7 { resign }
1-0

[Event "Tourn. n9827"]
[Site "www.echecsemail.com"]
[Date "2018.05.11"]
[Round "1"]
[White "Tonino1"]
[Black "Fantomas"]
[WhiteElo "2130"]
[BlackElo "2140"]
[Result "1/2-1/2"]
[Round "1"]
1.d4 Ng8f6
2.g4 Nf6xg4
3.e4 d5
4.Bf1e2 Ng4f6
5.e5 Nf6d7
6.Ng1f3 e6
7.Bc1g5 Bf8e7
8.Qd1d2 f6
9.exf6 Be7xf6
10.h4 Nd7f8
11.Nb1c3 Nb8c6
12.O-O-O Qd8e7
13.Be2b5 Bc8d7
14.Bb5xc6 Bd7xc6
15.Rd1e1 O-O-O
16.Nf3e5 Bc6e8
17.Ne5g4 h5
18.Ng4xf6 gxf6
19.Bg5f4 Nf8g6
20.Bf4g3 Qe7f7
21.Qd2e2 Be8d7
22.f4 Rd8e8
23.Qe2h2 f5
24.Qh2e2 Qf7f6
25.Qe2f2 Ng6e7
26.Rh1g1 Ne7g6
{ draw }
1/2-1/2

[Event "Tourn. n9802"]
[Site "www.echecsemail.com"]
[Date "2018.05.11"]
[Round "1"]
[White "Fabos12"]
[Black "Reda"]
[WhiteElo "1870"]
[BlackElo "1810"]
[Result "0-1"]
[Round "1"]
1.d4 d5
2.Ng1f3 Bc8f5
3.Bc1f4 Nb8c6
4.a3 e6
5.e3 Bf8d6
6.Bf4xd6 Qd8xd6
7.Bf1b5 O-O-O
8.Bb5xc6 Qd6xc6
9.Nb1c3 Ng8f6
10.Nf3e5 Qc6e8
11.Qd1e2 Nf6d7
12.f4 { time. }
0-1

[Event "Match"]
[Site "www.echecsemail.com"]
[Date "2018.05.11"]
[Round "1"]
[White "Reignblowcan"]
[Black "Dussek"]
[WhiteElo "1499"]
[BlackElo "1810"]
[Result "1-0"]
[Round "1"]
1.e4 e6
2.d4 d5
3.e5 c5
4.c3 Nb8c6
5.Ng1f3 Qd8b6
6.Bf1e2 Ng8e7
7.dxc5 Qb6xc5
8.O-O Ne7g6
9.Bc1e3 Qc5e7
10.c4 Qe7c7
11.cxd5 exd5
12.Nb1c3 Bc8e6
13.Nf3d4 Ng6xe5
14.Nc3xd5 Be6xd5
15.Nd4b5 Qc7d7
16.Qd1xd5 Ra8d8
17.Qd5b3 Bf8e7
18.Ra1d1 Qd7c8
19.Rd1xd8 Qc8xd8
20.Nb5xa7 Nc6xa7
21.Be3xa7 O-O
22.Qb3xb7 Be7f6
23.Rf1d1 Qd8a5
24.a3 Ne5g6
25.Ba7e3 Qa5e5
26.b4 Ng6f4
27.Be2c4 Nf4e6
28.b5 Ne6c5
29.Qb7d5 Nc5a4
30.Qd5xe5 Bf6xe5
31.Rd1d7 h6
32.b6 Na4b2
33.Bc4b3 Be5b8
34.a4 h5
35.a5 g6
36.a6 Kg7
37.a7 { resign }
1-0

[Event "Match"]
[Site "www.echecsemail.com"]
[Date "2018.05.11"]
[Round "1"]
[White "Begory"]
[Black "Muderfuger"]
[WhiteElo "1490"]
[BlackElo "1580"]
[Result "0-1"]
[Round "1"]
1.d4 Nb8c6
2.Ng1f3 Ng8f6
3.Bc1f4 h6
4.Nb1c3 g5
5.Bf4g3 b5
6.Nc3xb5 Bc8a6
7.Nb5xc7 Qd8xc7
8.Bg3xc7 Nf6e4
9.d5 Nc6b4
10.a3 Nb4xd5
11.Qd1xd5 Ra8c8
12.Qd5xe4 Rc8xc7
 { time }
0-1

[Event "1/128 Finale"]
[Site "www.chess-mail.com"]
[Date "2018.05.11"]
[Round "1"]
[White "Hennie4820"]
[Black "Transval"]
[WhiteElo "2080"]
[BlackElo "1299"]
[Result "1-0"]
[Round "1"]
1.e4 c5
2.Ng1f3 Nb8c6
3.d4 Nc6xd4
4.Nf3xd4 cxd4
5.Qd1xd4 e6
6.Bf1c4 Ng8f6
7.Bc1g5  { time }
1-0

[Event "Tourn. n9797"]
[Site "www.chess-mail.com"]
[Date "2018.05.12"]
[Round "1"]
[White "Reda"]
[Black "Osopanda"]
[WhiteElo "1810"]
[BlackElo "1870"]
[Result "0-1"]
[Round "1"]
1.d4 d5
2.Bc1f4 e6
3.Nb1c3 Bf8d6
4.Bf4xd6 Qd8xd6
5.Ng1f3 Ng8f6
6.e3 O-O
7.Nc3b5 Qd6b4
8.c3 Qb4e7
9.Qd1b3 c6
10.Nb5a3 Nb8d7
11.Bf1d3 e5
12.dxe5 Nd7xe5
13.Nf3xe5 Qe7xe5
14.O-O Nf6g4
15.g3 Qe5h5
16.Rf1c1 Qh5xh2
17.Kf1 Qh2xf2
{ resign }
0-1

[Event "Tourn. n9793"]
[Site "www.chess-mail.com"]
[Date "2018.05.12"]
[Round "1"]
[White "Cal"]
[Black "Susov"]
[WhiteElo "1660"]
[BlackElo "1700"]
[Result "1-0"]
[Round "1"]
1.c4 e5
2.e4 Nb8c6
3.a3 Ng8f6
4.d3 a6
5.h3 Bf8c5
6.Ng1f3 d6
7.Nb1c3 Bc8d7
8.Bf1e2 Nc6d4
9.Nc3d5 O-O
10.Bc1g5 h6
11.Bg5h4  { time }
1-0

[Event "Tourn. n9785"]
[Site "www.chess-mail.com"]
[Date "2018.05.12"]
[Round "1"]
[White "Fantomas"]
[Black "Bevittsmith"]
[WhiteElo "2170"]
[BlackElo "2180"]
[Result "0-1"]
[Round "1"]
1.e4 e6
2.d4 d5
3.exd5 exd5
4.Ng1f3 Ng8f6
5.h3 Bf8e7
6.Bf1d3 Bc8e6
7.O-O h6
8.c3 O-O
9.Nf3e5 Nb8d7
10.f4 Nd7xe5
11.fxe5 Nf6e4
12.Nb1d2 f5
13.Nd2f3 Be7h4
14.Nf3xh4 Qd8xh4
15.Rf1f4 Qh4e7
16.Qd1e1 Rf8f7
17.Bd3xe4 dxe4
18.Rf4f1 Kh7
19.b3 Ra8g8
20.c4 c6
21.Bc1b2 g5
22.g3 b5
23.Ra1c1 Qe7b7
24.Rc1c2 bxc4
25.bxc4 Qb7a6
26.Qe1c3 f4
27.g4 h5
28.gxh5 e3
29.Kg2 Qa6c8
30.Rf1f3 Be6f5
{ resign }
0-1

[Event "Tourn. n9775"]
[Site "www.chess-mail.com"]
[Date "2018.05.12"]
[Round "1"]
[White "Prize64"]
[Black "Hundegana"]
[WhiteElo "2140"]
[BlackElo "2010"]
[Result "1-0"]
[Round "1"]
1.e4 c5
2.c3 b6
3.d4 Bc8b7
4.Bf1d3 e6
5.Ng1f3 g6
6.O-O Nb8c6
7.Bc1e3 Bf8e7
8.Nb1d2 a6
9.d5 exd5
10.exd5 Nc6a7
11.c4 Be7d6
12.Be3g5 f6
13.Bg5h4 Qd8c7
14.Rf1e1 Kf7
15.Nd2e4 b5
16.Ne4xd6 Qc7xd6
17.b3 Ra8e8
18.Re1xe8 Kxe8
19.Qd1e2 Kf7
20.Ra1e1 Ng8h6
21.Bh4g3 Na7c8
22.Bg3xd6 Nc8xd6
23.Qe2e7 Kg8
24.Qe7xd6 bxc4
25.Re1e8 Kg7
26.Qd6e7 Nh6f7
27.Re8xh8 Kxh8
28.Qe7f8 { resign }
1-0

[Event "Tourn. n9749"]
[Site "www.chess-mail.com"]
[Date "2018.05.12"]
[Round "1"]
[White "Azulmarino"]
[Black "Gegonz"]
[WhiteElo "1610"]
[BlackElo "1610"]
[Result "0-1"]
[Round "1"]
1.e4 e5
2.Ng1f3 Ng8f6
3.Nb1c3 Nb8c6
4.Bf1c4 Bf8b4
5.a3 Bb4xc3
6.dxc3 O-O
7.Bc1g5 d6
8.Qd1d2 Bc8e6
9.Bc4xe6 fxe6
10.Bg5h6 gxh6
11.Qd2xh6 Nf6xe4
12.Qh6xe6 Kh8
13.O-O Qd8f6
14.Qe6d7 Qf6g6
15.Nf3h4 Qg6f7
16.Qd7g4 Ne4d2
17.Rf1e1 Qf7xf2
18.Kh1 Rf8f4
19.Qg4e6 Rf4xh4
20.Re1g1 Ra8g8
21.Ra1d1 Rh4xh2
22.Kxh2 Rg8xg2
23.Rg1xg2 Nd2f3
24.Kh3 Qf2h4
{ resign }
0-1

[Event "Tourn. n9799"]
[Site "www.chess-mail.com"]
[Date "2018.05.12"]
[Round "1"]
[White "Amaya"]
[Black "Piekki"]
[WhiteElo "2160"]
[BlackElo "2130"]
[Result "1-0"]
[Round "1"]
1.d4 Ng8f6
2.e3 d5
3.Bf1d3 c5
4.c3 Nb8c6
5.a3 e6
6.Nb1d2 cxd4
7.cxd4 Qd8a5
8.f4 b6
9.Ng1f3 Bf8e7
10.O-O Bc8b7
11.Nf3e5 O-O
12.Qd1f3 Bb7a6
13.Bd3xa6 { resign }
1-0

[Event "Tourn. n9783"]
[Site "www.chess-mail.com"]
[Date "2018.05.12"]
[Round "1"]
[White "Luizassis"]
[Black "Gandalf50"]
[WhiteElo "1350"]
[BlackElo "1629"]
[Result "0-1"]
[Round "1"]
1.e4 Ng8f6
2.e5 Nf6d5
3.d4 d6
4.Ng1f3 Bc8g4
5.Bf1c4 dxe5
6.dxe5 e6
7.Bc1g5 Bg4xf3
8.Qd1xf3 Qd8xg5
9.Nb1c3 Qg5xe5
10.Qf3e2 Qe5xe2
11.Nc3xe2 { time. }
0-1

[Event "Tourn. n9775"]
[Site "www.chess-mail.com"]
[Date "2018.05.12"]
[Round "1"]
[White "Coolant"]
[Black "Prize64"]
[WhiteElo "2270"]
[BlackElo "2140"]
[Result "1-0"]
[Round "1"]
1.e4 c5
2.d4 cxd4
3.Ng1f3 e6
4.Nf3xd4 Nb8c6
5.Nb1c3 Qd8c7
6.f4 a6
7.Nd4xc6 bxc6
8.Bf1d3 d5
9.O-O Ng8f6
10.e5 Nf6d7
11.Nc3e2 Nd7c5
12.Bc1e3 Nc5xd3
13.Qd1xd3 c5
14.c3 Bc8b7
15.Ra1e1 Bf8e7
16.Ne2g3 g6
17.f5 O-O
18.f6 Be7d8
19.Be3h6 Rf8e8
20.Qd3d2 a5
21.Bh6g7 c4
22.Qd2h6 Qc7c5
23.Kh1 d4
24.cxd4 Qc5xd4
25.Bg7f8 { resign }
1-0

[Event "Match"]
[Site "www.echecsemail.com"]
[Date "2018.05.12"]
[Round "1"]
[White "Llord"]
[Black "Juheset"]
[WhiteElo "1940"]
[BlackElo "1809"]
[Result "0-1"]
[Round "1"]
1.e4 Nb8c6
2.Bf1c4 e6
3.Ng1f3 g6
4.d4 d5
5.exd5 exd5
6.Bc4b5 Bc8d7
7.Nf3e5 Nc6xe5
8.Bb5e2 Ne5c6
9.c3 Bf8g7
10.O-O Ng8f6
11.Bc1g5 O-O
12.Nb1d2 Nc6e7
13.Rf1e1 Nf6e4
14.Nd2xe4 dxe4
15.Be2c4 Bd7c6
16.b4 b5
17.Bc4b3 Qd8d7
18.Bg5xe7 Qd7xe7
19.d5 Bc6b7
20.Ra1c1 Ra8d8
21.Qd1g4 Bb7xd5
22.Bb3xd5 Rd8xd5
23.Re1xe4 Qe7d6
24.Qg4e2 Rf8d8
25.g3 Rd5d1
26.Rc1xd1 Qd6xd1
27.Qe2xd1 Rd8xd1
28.Kg2 Bg7xc3
29.a3 Rd1a1
30.Re4e3 Ra1xa3
31.Re3e7 Bc3xb4
32.Re7xc7 a5
33.Rc7b7 a4
34.Rb7xb5 Bb4e7
35.Rb5b8 Kg7
36.Rb8b7 Be7f6
{ resign }
0-1

[Event "Tourn. n9811"]
[Site "www.echecsemail.com"]
[Date "2018.05.12"]
[Round "1"]
[White "Ermejo69"]
[Black "Ll69"]
[WhiteElo "2039"]
[BlackElo "2180"]
[Result "1/2-1/2"]
[Round "1"]
1.d4 Ng8f6
2.c4 g6
3.Nb1c3 Bf8g7
4.e4 d6
5.Ng1f3 O-O
6.Bf1e2 e5
7.dxe5 dxe5
8.Qd1xd8 Rf8xd8
9.Bc1g5 Rd8e8
10.O-O c6
11.Bg5xf6 Bg7xf6
12.Ra1d1 Nb8a6
13.a3 Bc8e6
14.b3 Ra8d8
15.Rd1xd8 Re8xd8
16.Rf1d1 Rd8xd1
{ draw }
1/2-1/2

[Event "Tourn. n9811"]
[Site "www.echecsemail.com"]
[Date "2018.05.12"]
[Round "1"]
[White "Ll69"]
[Black "Urbe69"]
[WhiteElo "2180"]
[BlackElo "2230"]
[Result "1/2-1/2"]
[Round "1"]
1.d4 Ng8f6
2.c4 e6
3.Nb1c3 Bf8b4
4.a3 Bb4xc3
5.bxc3 O-O
6.Ng1f3 d5
7.e3 b6
8.Bf1d3 Bc8b7
9.O-O Nb8d7
10.Bc1d2 c5
11.cxd5 exd5
12.c4 dxc4
13.Bd3xc4 cxd4
14.Nf3xd4 Nd7c5
15.Bd2b4 { draw }
1/2-1/2

[Event "Tourn. n9805"]
[Site "www.echecsemail.com"]
[Date "2018.05.12"]
[Round "1"]
[White "Bojan"]
[Black "Orhany24"]
[WhiteElo "2030"]
[BlackElo "2120"]
[Result "1-0"]
[Round "1"]
1.e4 c5
2.b3 Nb8c6
3.Bc1b2 e5
4.Ng1h3 d6
5.Nb1c3 a6
6.Nc3d5 Ng8f6
7.d3 h6
8.Qd1d2 Bf8e7
9.f4 O-O
10.Nd5xe7 Qd8xe7
11.Bf1e2 Bc8g4
12.O-O Bg4xh3
13.gxh3 Nc6d4
14.Be2d1 Nf6d7
15.Bd1g4 g6
16.c3 Nd4c6
17.Rf1f2 f5
18.exf5 gxf5
19.Bg4h5 Nd7f6
20.Bh5g6 Nf6d7
21.Rf2g2 Kh8
22.fxe5 f4
23.exd6 Qe7xd6
24.Bg6e4 Nd7f6
25.Be4xc6 bxc6
26.Ra1f1 Nf6d5
27.c4 { resign }
1-0

[Event "Tourn. n9811"]
[Site "www.echecsemail.com"]
[Date "2018.05.12"]
[Round "1"]
[White "Urbe69"]
[Black "Ermejo69"]
[WhiteElo "2230"]
[BlackElo "2039"]
[Result "1/2-1/2"]
[Round "1"]
1.d4 Ng8f6
2.c4 g6
3.Nb1c3 Bf8g7
4.e4 d6
5.Ng1f3 O-O
6.Bf1e2 e5
7.dxe5 dxe5
8.Qd1xd8 Rf8xd8
9.Bc1g5 c6
10.O-O Bc8e6
11.Ra1d1 Nb8a6
12.a3 h6
13.Bg5xf6 Bg7xf6
14.Rd1xd8 Ra8xd8
{ draw }
1/2-1/2